Sobre el derecho de las naciones a la autodeterminación

Tallennettuna:
Bibliografiset tiedot
Päätekijä: Lenin, Vladimir Ilich
Aineistotyyppi: Teksti
Julkaistu: Moscú: Progreso
Tagit: Lisää tagi
Ei tageja, Lisää ensimmäinen tagi!

MARC

LEADER 00000 a a2200000 04500
001 24780
003
040
090 |a 174600  
100 |a Lenin, Vladimir Ilich  
245 |a Sobre el derecho de las naciones a la autodeterminación  
260 |a Moscú:   |b Progreso  
300 |a 80 p.  
999 |c 14878  |d 14878